000 00251nam a22001097a 4500
008 170112b xxu||||| |||| 00| 0 eng d
020 _a9780323012874
041 _aeng
080 _25TH
_a618.2
245 _aNURSING RESEARCH
_cWOOD, G.L
942 _2udc
_cBK
999 _c2821
_d2821